D&G Tracklist (Bladee, Ecco2k & Thaiboy Digital) - Statistics

General Stats
  • This quiz has been taken 11 times
  • The average score is 13 of 17
Answer Stats
Hint Answer % Correct
11 Dumpster Baby
100%
2 Black Boy
90%
5 Cinderella
90%
3 First Crush
90%
7 Can't Trust
80%
17 Climbing
80%
9 GT-R
80%
1 No Life Left
80%
12 Nosebleed
80%
13 Scarecrows
70%
15 Stalker
70%
6 Wrong
70%
16 Happily Ever After
60%
4 Numb/Beverly Hills
60%
14 Botox Lips
50%
10 Suffocation
50%
8 Wickr Man
50%
No matching quizzes found
Score Distribution
Percent of People with Each Score
Percentile by Number Answered
Your Score History
You have not taken this quiz